[Event "Albena BUL, Team Ch 2011 GrA Men"]
[Site "Albena BUL"]
[Date "2011.06.05"]
[Round "4.3"]
[White "Badev, Kiril"]
[Black "Genov, Petar"]
[Result "1-0"]
[WhiteElo "2307"]
[BlackElo "2444"]
[PlyCount "59"]
[EventDate "2011.06.02"]
[EventType "team"]
[EventRounds "7"]
[EventCountry "BUL"]

1. e4 c5 2. Nf3 d6 3. d4 cxd4 4. Nxd4 Nf6 5. Nc3 a6 6. a4 Nc6 7. Be2 e6 8. O-O
Qc7 9. Be3 Be7 10. f4 O-O 11. Kh1 Re8 12. Bf3 Na5 13. g4 Nc4 14. Bc1 e5 15. Nf5
Bxf5 16. exf5 e4 17. Bg2 d5 18. g5 d4 19. Qxd4 Rad8 20. Qf2 e3 21. Qe2 Bb4 22.
gxf6 Bxc3 23. bxc3 gxf6 24. Rb1 b6 25. Rb4 Nd2 26. Rg1 Kh8 27. Bb2 a5 28. Rd4
Rxd4 29. cxd4 Qxc2 30. Qg4 1-0

[Event "Albena BUL, Team Ch 2011 GrA Men"]
[Site "Albena BUL"]
[Date "2011.06.05"]
[Round "4.3"]
[White "Milchev, Nikolay"]
[Black "Popchev, Milko"]
[Result "1/2-1/2"]
[WhiteElo "2371"]
[BlackElo "2462"]
[PlyCount "68"]
[EventDate "2011.06.02"]
[EventType "team"]
[EventRounds "7"]
[EventCountry "BUL"]

1. c4 d6 2. d4 e5 3. dxe5 dxe5 4. Qxd8+ Kxd8 5. Nc3 c6 6. Bg5+ f6 7. O-O-O+ Kc7
8. Bd2 Be6 9. e3 Nh6 10. Be2 Nf7 11. Nf3 Be7 12. h3 Nd7 13. g4 Nb6 14. b3 Ba3+
15. Kc2 Rhd8 16. Bc1 Bf8 17. Rxd8 Rxd8 18. Nd2 a5 19. Nde4 Nd7 20. h4 Nc5 21.
Nxc5 Bxc5 22. Rd1 Rxd1 23. Kxd1 f5 24. g5 g6 25. Na4 Bb4 26. f4 b6 27. Bd2 Bxd2
28. Kxd2 e4 29. Kc3 c5 30. Kd2 Bd7 31. Nc3 Bc6 32. a4 Nd6 33. Ke1 Kd7 34. Kd2
Ke7 1/2-1/2

[Event "Albena BUL, Team Ch 2011 GrA Men"]
[Site "Albena BUL"]
[Date "2011.06.05"]
[Round "4.4"]
[White "Kozhuharov, Spas"]
[Black "Bojkov, Dejan"]
[Result "0-1"]
[WhiteElo "2436"]
[BlackElo "2542"]
[PlyCount "84"]
[EventDate "2011.06.02"]
[EventType "team"]
[EventRounds "7"]
[EventCountry "BUL"]

1. c4 Nf6 2. Nc3 g6 3. d4 Bg7 4. e4 d6 5. f3 O-O 6. Bg5 a6 7. Qd2 c5 8. d5 Nbd7
9. a4 Qa5 10. Ra3 Re8 11. Nh3 Ne5 12. Nf2 e6 13. Be2 Qb4 14. Qc2 exd5 15. cxd5
c4 16. O-O Qc5 17. Qd2 Bd7 18. Be3 Qc7 19. a5 Rac8 20. Bb6 Qb8 21. Bd4 Bb5 22.
Nxb5 axb5 23. Qb4 Nd3 24. Qxb5 Nxe4 25. Bxg7 Rc5 26. Qa4 Nexf2 27. Bxd3 Nxd3
28. Bd4 Rcc8 29. Qd7 Nf4 30. Kh1 Nxd5 31. a6 bxa6 32. Rxa6 Rcd8 33. Qc6 Nb4 34.
Qa4 Nxa6 35. Qxa6 Qb4 36. Qa1 Qb3 37. Qc1 Re6 38. h3 Rde8 39. Kh2 d5 40. Qh6 f6
41. Ra1 Qb8+ 42. f4 Re4 0-1

[Event "Albena BUL, Team Ch 2011 GrA Men"]
[Site "Albena BUL"]
[Date "2011.06.05"]
[Round "4.4"]
[White "Petrov, Marijan"]
[Black "Arnaudov, G  Petar"]
[Result "1/2-1/2"]
[WhiteElo "2531"]
[BlackElo "2449"]
[PlyCount "84"]
[EventDate "2011.06.02"]
[EventType "team"]
[EventRounds "7"]
[EventCountry "BUL"]

1. e4 e5 2. Nf3 Nc6 3. Bc4 Bc5 4. O-O Nf6 5. d3 O-O 6. a3 d6 7. b4 Bb6 8. Be3
Be6 9. Nbd2 Ne7 10. Qb1 Ng6 11. Qb3 d5 12. exd5 Bxd5 13. Bg5 Bxc4 14. dxc4 c6
15. Ne4 Qe7 16. c5 Bc7 17. Nh4 Nxh4 18. Bxh4 Qe6 19. Qxe6 fxe6 20. Rfe1 Nxe4
21. Rxe4 Rf4 22. f3 Rxe4 23. fxe4 Kf7 24. Rd1 Ke8 25. c4 Bd8 26. Bg3 Bc7 27.
Kf1 Rd8 28. Ke2 Rxd1 29. Kxd1 Kf7 30. Ke2 Kg6 31. Bh4 Kf7 32. Kf3 Ke8 33. Kg4
Bd8 34. Bxd8 Kxd8 35. Kg5 Ke7 36. h4 Kf7 37. g3 Ke7 38. h5 Kf7 39. h6 g6 40. b5
Ke7 41. a4 Kf7 42. a5 a6 1/2-1/2

[Event "Albena BUL, Team Ch 2011 GrA Men"]
[Site "Albena BUL"]
[Date "2011.06.05"]
[Round "4.4"]
[White "Panbukchian, Valentin"]
[Black "Velchev, Hristo"]
[Result "0-1"]
[WhiteElo "2385"]
[BlackElo "2322"]
[PlyCount "94"]
[EventDate "2011.06.02"]
[EventType "team"]
[EventRounds "7"]
[EventCountry "BUL"]

1. e4 c5 2. Nc3 Nc6 3. g3 g6 4. Bg2 Bg7 5. d3 d6 6. Bg5 Rb8 7. Nge2 b5 8. Qc1
b4 9. Nd1 h6 10. Bd2 Ba6 11. f4 Qd7 12. Ne3 Nd4 13. Nxd4 cxd4 14. Nd5 Bb7 15.
Nxb4 a5 16. Nd5 Bxd5 17. exd5 Qb5 18. b3 Nf6 19. Qa3 O-O 20. O-O Ra8 21. Qa4
Qc5 22. Rac1 Rfc8 23. Rfe1 Kf8 24. a3 Nxd5 25. Qc4 e6 26. Bxd5 exd5 27. Qa4 Bf6
28. Re2 Kg7 29. h3 Ra7 30. Kg2 Qb6 31. Be1 Qc5 32. Bd2 Qb6 33. Kf3 Qc5 34. g4
Qc7 35. Re8 Rxe8 36. Qxe8 Qc5 37. b4 axb4 38. Bxb4 Qb6 39. Re1 Rc7 40. Re2 Qa6
41. Qb8 Rxc2 42. Rxc2 Qxd3+ 43. Kg2 Qxc2+ 44. Kg3 Qd3+ 45. Kg2 Qe2+ 46. Kh1
Qf3+ 47. Kh2 Bh4 0-1

[Event "Albena BUL, Team Ch 2011 GrA Men"]
[Site "Albena BUL"]
[Date "2011.06.06"]
[Round "5.1"]
[White "Radulski, Julian"]
[Black "Popov, Ilian"]
[Result "1-0"]
[WhiteElo "2571"]
[BlackElo "2215"]
[PlyCount "45"]
[EventDate "2011.06.02"]
[EventType "team"]
[EventRounds "7"]
[EventCountry "BUL"]

1. e4 c5 2. Nf3 d6 3. d4 cxd4 4. Nxd4 Nf6 5. Nc3 g6 6. Be2 Bg7 7. Be3 Nc6 8. f4
O-O 9. a3 Bd7 10. O-O Qc8 11. h3 Rd8 12. Qd2 b6 13. Rad1 Na5 14. e5 dxe5 15.
fxe5 Nh5 16. Nd5 Re8 17. Bxh5 Nc4 18. Qf2 gxh5 19. Qxf7+ Kh8 20. e6 Nxe3 21.
exd7 Qxd7 22. Ne6 Bh6 23. Nf6 1-0

[Event "Albena BUL, Team Ch 2011 GrA Men"]
[Site "Albena BUL"]
[Date "2011.06.06"]
[Round "5.1"]
[White "Janev, Evgeni"]
[Black "Lalev, Dimitar"]
[Result "0-1"]
[WhiteElo "2500"]
[BlackElo "2365"]
[PlyCount "66"]
[EventDate "2011.06.02"]
[EventType "team"]
[EventRounds "7"]
[EventCountry "BUL"]

1. e4 c6 2. c4 d5 3. exd5 cxd5 4. cxd5 Nf6 5. Nc3 Nxd5 6. Nf3 e6 7. d4 Nc6 8.
a3 Bd6 9. Ne4 O-O 10. Bc4 Nce7 11. O-O Bf4 12. Bxf4 Nxf4 13. Qd2 Nfd5 14. Rac1
b6 15. Bd3 Bb7 16. Rfe1 Nf5 17. Bb1 Nf6 18. Nxf6+ Qxf6 19. Ne5 Rac8 20. f3 Rxc1
21. Rxc1 Rd8 22. Bxf5 Qxf5 23. Qe3 h5 24. Rc7 h4 25. h3 f6 26. Nd3 Bd5 27. Rxa7
Rc8 28. Kh2 Rc2 29. b4 Rc3 30. Qf4 Rxd3 31. Qxh4 Rxf3 32. gxf3 Qxf3 33. Rxg7+
Kxg7 0-1

[Event "Albena BUL, Team Ch 2011 GrA Men"]
[Site "Albena BUL"]
[Date "2011.06.06"]
[Round "5.1"]
[White "Arnaudov, G  Petar"]
[Black "Filev, Georgi"]
[Result "1-0"]
[WhiteElo "2449"]
[BlackElo "2361"]
[PlyCount "83"]
[EventDate "2011.06.02"]
[EventType "team"]
[EventRounds "7"]
[EventCountry "BUL"]

1. Nf3 Nf6 2. c4 g6 3. Nc3 d5 4. cxd5 Nxd5 5. Qc2 Nb6 6. d4 Bg7 7. e4 O-O 8.
Be3 Bg4 9. Ne5 Be6 10. Rd1 c6 11. Nf3 N8d7 12. Be2 Bc4 13. h4 Nf6 14. h5 Bxe2
15. Qxe2 Nxh5 16. g4 Nf6 17. Ne5 Nfd7 18. Qf3 f6 19. Qh3 fxe5 20. Qxh7+ Kf7 21.
Rh6 Rh8 22. Qxg6+ Kg8 23. Qe6+ Kf8 24. Qf5+ Kg8 25. Qe6+ Kf8 26. Rxh8+ Bxh8 27.
Bh6+ Bg7 28. Qg6 Bxh6 29. Qxh6+ Kg8 30. Qg6+ Kf8 31. Rd3 Qe8 32. Qh6+ Kg8 33.
Qg5+ Kf7 34. dxe5 Nf6 35. exf6 exf6 36. Rf3 Qh8 37. Qf5 Qh6 38. g5 Qh1+ 39. Ke2
Ke8 40. Qe6+ Kd8 41. Qxf6+ Kc7 42. Qe5+ 1-0

[Event "Albena BUL, Team Ch 2011 GrA Men"]
[Site "Albena BUL"]
[Date "2011.06.06"]
[Round "5.1"]
[White "Tsvetkov, Ilia"]
[Black "Spassov, Liuben"]
[Result "1-0"]
[WhiteElo "2363"]
[BlackElo "2384"]
[PlyCount "81"]
[EventDate "2011.06.02"]
[EventType "team"]
[EventRounds "7"]
[EventCountry "BUL"]

1. c4 e6 2. Nf3 Nf6 3. Nc3 d5 4. d4 Bb4 5. cxd5 exd5 6. Qb3 c5 7. dxc5 Nc6 8.
a3 Bxc5 9. Bg5 d4 10. Ne4 Be7 11. Nxf6+ Bxf6 12. Bxf6 Qxf6 13. g3 O-O 14. Bg2
Re8 15. O-O Rb8 16. Rfe1 h6 17. Rad1 Bg4 18. h3 Bh5 19. Qb5 Bg6 20. b4 Be4 21.
Qh5 Rbd8 22. Nd2 Bxg2 23. Kxg2 d3 24. exd3 Rxe1 25. Rxe1 Qc3 26. Nf3 Qxd3 27.
b5 Nd4 28. Nxd4 Qxd4 29. Re7 Qf6 30. Rxb7 Rd2 31. Qc5 Rd3 32. Qc6 Rxa3 33. Qe8+
Kh7 34. Rxf7 Qg6 35. Qf8 Rb3 36. Re7 Qg5 37. h4 Qd5+ 38. Kh2 Qg8 39. Qf5+ Kh8
40. Qe4 Rb2 41. Kg1 1-0

[Event "Albena BUL, Team Ch 2011 GrA Men"]
[Site "Albena BUL"]
[Date "2011.06.06"]
[Round "5.2"]
[White "Georgiev, Vladimir"]
[Black "Dimitrov, Radoslav"]
[Result "0-1"]
[WhiteElo "2574"]
[BlackElo "2410"]
[PlyCount "64"]
[EventDate "2011.06.02"]
[EventType "team"]
[EventRounds "7"]
[EventCountry "BUL"]

1. d4 c5 2. d5 e5 3. c4 d6 4. e4 Be7 5. g3 Bg5 6. Nd2 Ne7 7. h4 Bh6 8. g4 Bxd2+
9. Bxd2 Ng6 10. g5 Nf4 11. Bxf4 exf4 12. Qd2 f5 13. O-O-O O-O 14. Bd3 b5 15.
cxb5 a6 16. b6 Qxb6 17. Ne2 c4 18. Bc2 fxe4 19. Nxf4 Nd7 20. Qe3 Nc5 21. Nh5
Bg4 22. Nf6+ gxf6 23. gxf6 Rxf6 24. Rdg1 h5 25. Qg5+ Kf7 26. Rxg4 hxg4 27. Qh5+
Ke7 28. Bxe4 Rb8 29. Re1 Qxb2+ 30. Kd1 Qd4+ 31. Bd3+ Ne6 32. Rxe6+ Rxe6 0-1

[Event "Albena BUL, Team Ch 2011 GrA Men"]
[Site "Albena BUL"]
[Date "2011.06.06"]
[Round "5.2"]
[White "Kukov, Velislav"]
[Black "Nevednichy, Vladislav"]
[Result "1/2-1/2"]
[WhiteElo "2365"]
[BlackElo "2542"]
[PlyCount "80"]
[EventDate "2011.06.02"]
[EventType "team"]
[EventRounds "7"]
[EventCountry "BUL"]

1. d4 g6 2. Nf3 Bg7 3. g3 Nf6 4. Bg2 O-O 5. O-O d6 6. a4 a5 7. Nc3 d5 8. Re1
Bf5 9. Ne5 c6 10. h3 Nfd7 11. Nxd7 Nxd7 12. e4 dxe4 13. Nxe4 Bxe4 14. Rxe4 e6
15. Re2 Nb6 16. Be3 Nd5 17. c3 Qb6 18. Qc2 Rad8 19. h4 Rd7 20. h5 Nxe3 21. Rxe3
c5 22. dxc5 Qxc5 23. hxg6 hxg6 24. Rd1 Rfd8 25. Rxd7 Rxd7 26. Rd3 Rxd3 27. Qxd3
b6 28. Bf1 Bh6 29. Qb5 Qc7 30. Bg2 Bc1 31. Bf3 Kg7 32. Kg2 Kf6 33. Qe2 Qd6 34.
Be4 g5 35. Kf3 Ke7 36. Qc2 Qd2 37. Qxd2 Bxd2 38. Ke2 Bc1 39. b4 Ba3 40. bxa5
bxa5 1/2-1/2

[Event "Albena BUL, Team Ch 2011 GrA Men"]
[Site "Albena BUL"]
[Date "2011.06.06"]
[Round "5.2"]
[White "Bojkov, Dejan"]
[Black "Badev, Kiril"]
[Result "1/2-1/2"]
[WhiteElo "2542"]
[BlackElo "2307"]
[PlyCount "141"]
[EventDate "2011.06.02"]
[EventType "team"]
[EventRounds "7"]
[EventCountry "BUL"]

1. e4 e6 2. d4 d5 3. Nd2 dxe4 4. Nxe4 Bd7 5. Nf3 Bc6 6. Bd3 Bxe4 7. Bxe4 c6 8.
c3 Nf6 9. Bc2 Bd6 10. O-O Qc7 11. Re1 Nbd7 12. a3 Bf4 13. Qe2 Bxc1 14. Raxc1
O-O 15. Ne5 Rad8 16. Rcd1 c5 17. dxc5 Nxc5 18. b4 Ncd7 19. Nxd7 Rxd7 20. Rxd7
Qxd7 21. Rd1 Qc7 22. Qd3 b6 23. c4 h6 24. h3 Rc8 25. Bb3 Qe5 26. Bc2 Qc7 27.
Qd4 e5 28. Qc3 e4 29. c5 bxc5 30. bxc5 Qc6 31. Bb3 Nd7 32. Bd5 Qf6 33. Qa5 Nxc5
34. Qxa7 Qf4 35. Qe7 Nd3 36. Qxe4 Qxf2+ 37. Kh1 Nf4 38. Bxf7+ Kh8 39. Bg6 Ne2
40. Qf3 Qxf3 41. gxf3 Nf4 42. Bf5 Rf8 43. Bd7 Rd8 44. Kh2 g5 45. a4 Kg7 46. a5
Ne6 47. Ba4 Ra8 48. Rd5 Kf6 49. Bc2 Rc8 50. Be4 Rc3 51. Rf5+ Ke7 52. Rb5 Nc5
53. Bb7 Nxb7 54. Rxb7+ Kf6 55. Kg3 Ra3 56. Rb6+ Kf5 57. Rxh6 Rxa5 58. Rb6 Rc5
59. Rb8 Ra5 60. Rf8+ Kg6 61. Rh8 Kf5 62. Rh6 Rb5 63. h4 gxh4+ 64. Rxh4 Kf6 65.
f4 Rb1 66. Rh6+ Kf5 67. Rh5+ Kf6 68. Ra5 Rg1+ 69. Kf2 Rb1 70. Rc5 Rb3 71. Ra5
1/2-1/2

[Event "Albena BUL, Team Ch 2011 GrA Men"]
[Site "Albena BUL"]
[Date "2011.06.06"]
[Round "5.2"]
[White "Milchev, Nikolay"]
[Black "Petrov, Marijan"]
[Result "0-1"]
[WhiteElo "2371"]
[BlackElo "2531"]
[PlyCount "62"]
[EventDate "2011.06.02"]
[EventType "team"]
[EventRounds "7"]
[EventCountry "BUL"]

1. c4 g6 2. g3 Bg7 3. Bg2 Nf6 4. Nc3 O-O 5. e3 c6 6. Qb3 d6 7. Nge2 e5 8. O-O
Qe7 9. Qa3 Nbd7 10. d3 Nc5 11. Rd1 e4 12. dxe4 Nfxe4 13. b4 Nxc3 14. Nxc3 Na4
15. Bb2 Nb6 16. Bf1 Be6 17. Na4 Rfd8 18. Bxg7 Kxg7 19. Rac1 h5 20. h4 Bg4 21.
Rd2 Nd7 22. Qc3+ Kh7 23. Bg2 Ne5 24. e4 b5 25. Nb2 a5 26. bxa5 b4 27. Qe3 Rxa5
28. f4 Ra3 29. Nd3 Nxd3 30. Rxd3 Rxa2 31. Qb6 Rxg2+ 0-1

[Event "Albena BUL, Team Ch 2011 GrA Men"]
[Site "Albena BUL"]
[Date "2011.06.06"]
[Round "5.2"]
[White "Velchev, Hristo"]
[Black "Ninov, Dayan"]
[Result "1/2-1/2"]
[WhiteElo "2322"]
[BlackElo "2090"]
[PlyCount "50"]
[EventDate "2011.06.02"]
[EventType "team"]
[EventRounds "7"]
[EventCountry "BUL"]

1. e4 Nf6 2. e5 Nd5 3. d4 d6 4. c4 Nb6 5. exd6 cxd6 6. Nc3 g6 7. Be3 Bg7 8. Rc1
O-O 9. b3 e5 10. dxe5 dxe5 11. Qxd8 Rxd8 12. c5 N6d7 13. Bc4 Nc6 14. Nf3 Nf8
15. Ng5 Rd7 16. O-O h6 17. Nge4 Nd4 18. f4 Nf5 19. Bf2 exf4 20. Nd5 Rd8 21.
Nxf4 Be5 22. Nd3 Bg7 23. Nf4 Be5 24. Nd3 Bg7 25. Nf4 Be5 1/2-1/2

[Event "Albena BUL, Team Ch 2011 GrA Men"]
[Site "Albena BUL"]
[Date "2011.06.06"]
[Round "5.3"]
[White "Popchev, Milko"]
[Black "Marholev, Dimitar"]
[Result "1/2-1/2"]
[WhiteElo "2462"]
[BlackElo "2369"]
[PlyCount "62"]
[EventDate "2011.06.02"]
[EventType "team"]
[EventRounds "7"]
[EventCountry "BUL"]

1. e4 e5 2. Nf3 Nf6 3. Nxe5 d6 4. Nf3 Nxe4 5. Qe2 Qe7 6. d3 Nf6 7. Bg5 Qxe2+ 8.
Bxe2 Be7 9. Nc3 Bg4 10. h3 Bd7 11. O-O-O h6 12. Bf4 O-O 13. Rhe1 Nc6 14. g4 a6
15. Bg3 Rae8 16. Bf1 Bd8 17. Bg2 Rxe1 18. Rxe1 Re8 19. Rxe8+ Nxe8 20. Ne2 Bf6
21. a3 Kf8 22. c3 g5 23. d4 Bg7 24. Nd2 f5 25. gxf5 Bxf5 26. f4 g4 27. hxg4
Bxg4 28. Bf3 Bxf3 29. Nxf3 Bf6 30. Bh4 Bxh4 31. Nxh4 Ne7 1/2-1/2

[Event "Albena BUL, Team Ch 2011 GrA Men"]
[Site "Albena BUL"]
[Date "2011.06.06"]
[Round "5.3"]
[White "Dobrev, Nanko"]
[Black "Velikov, Petar"]
[Result "1/2-1/2"]
[WhiteElo "2400"]
[BlackElo "2414"]
[PlyCount "63"]
[EventDate "2011.06.02"]
[EventType "team"]
[EventRounds "7"]
[EventCountry "BUL"]

1. d4 d5 2. c4 c6 3. Nf3 Nf6 4. cxd5 cxd5 5. Nc3 Nc6 6. Bf4 Bf5 7. e3 e6 8. Bd3
Bxd3 9. Qxd3 Bd6 10. Bxd6 Qxd6 11. O-O O-O 12. Rfc1 Rfc8 13. a3 Na5 14. Ne5 Nc4
15. Nxc4 Rxc4 16. Ne2 Rac8 17. Rxc4 Rxc4 18. Rc1 Rxc1+ 19. Nxc1 Qc6 20. Ne2 Kf8
21. Qc3 Qxc3 22. Nxc3 Ke7 23. f3 Nd7 24. Kf2 Nb6 25. b3 Nc8 26. Ke2 Nd6 27. Kd3
a6 28. e4 dxe4+ 29. Nxe4 Nxe4 30. fxe4 f5 31. Ke3 g5 32. g3 1/2-1/2

[Event "Albena BUL, Team Ch 2011 GrA Men"]
[Site "Albena BUL"]
[Date "2011.06.06"]
[Round "5.3"]
[White "Todorov, Ognjan"]
[Black "Popov, Luben"]
[Result "1/2-1/2"]
[WhiteElo "2308"]
[BlackElo "2317"]
[PlyCount "62"]
[EventDate "2011.06.02"]
[EventType "team"]
[EventRounds "7"]
[EventCountry "BUL"]

1. d4 Nf6 2. Nf3 d5 3. c4 c6 4. cxd5 cxd5 5. Nc3 Nc6 6. Bf4 a6 7. Rc1 e6 8. e3
Bd6 9. Bg3 Bxg3 10. hxg3 Qa5 11. Bd3 h6 12. O-O O-O 13. Bb1 Ng4 14. Na4 f5 15.
Nc5 Qc7 16. a3 b6 17. Nd3 Qd6 18. Nh2 Nxh2 19. Kxh2 Bd7 20. Kg1 a5 21. Bc2 Rfc8
22. Ba4 Be8 23. Nf4 Rab8 24. Bb3 Rc7 25. Qd2 Rbc8 26. Rc3 Ne7 27. Rfc1 Rxc3 28.
Rxc3 Rxc3 29. Qxc3 Bd7 30. Nd3 Qc6 31. Qxc6 Bxc6 1/2-1/2

[Event "Albena BUL, Team Ch 2011 GrA Men"]
[Site "Albena BUL"]
[Date "2011.06.06"]
[Round "5.4"]
[White "Rusev, Krasimir"]
[Black "Mladenov, Plamen"]
[Result "1/2-1/2"]
[WhiteElo "2530"]
[BlackElo "2376"]
[PlyCount "64"]
[EventDate "2011.06.02"]
[EventType "team"]
[EventRounds "7"]
[EventCountry "BUL"]

1. d4 c6 2. c4 Nf6 3. Nc3 d5 4. cxd5 cxd5 5. Bf4 a6 6. Nf3 Nc6 7. e3 Bf5 8. Bd3
Bxd3 9. Qxd3 e6 10. O-O Bd6 11. Bxd6 Qxd6 12. Rac1 O-O 13. a3 Rac8 14. Na4 Ne4
15. Nc5 Nxc5 16. Rxc5 Ne7 17. Rfc1 Rxc5 18. Rxc5 Rc8 19. Rxc8+ Nxc8 20. Qc3 Ne7
21. Kf1 Qc6 22. Qxc6 Nxc6 23. Nd2 Kf8 24. Ke2 Ke7 25. Kd3 Kd6 26. h3 f6 27. f4
b6 28. Nf3 f5 29. Ng5 h6 30. Nf3 Ke7 31. h4 g6 32. b3 h5 1/2-1/2

[Event "Albena BUL, Team Ch 2011 GrA Men"]
[Site "Albena BUL"]
[Date "2011.06.06"]
[Round "5.4"]
[White "Vasilev, Milen"]
[Black "Georgiev, Krum"]
[Result "1/2-1/2"]
[WhiteElo "2474"]
[BlackElo "2423"]
[PlyCount "63"]
[EventDate "2011.06.02"]
[EventType "team"]
[EventRounds "7"]
[EventCountry "BUL"]

1. d4 Nf6 2. Nf3 g6 3. c3 Bg7 4. g3 b6 5. Bg2 Bb7 6. O-O d6 7. Bg5 Nbd7 8. Nbd2
O-O 9. Ne1 Bxg2 10. Nxg2 c5 11. e3 Qc7 12. Qe2 Qb7 13. Qf3 Qxf3 14. Nxf3 h6 15.
Bxf6 Bxf6 16. h4 h5 17. Nf4 Rfc8 18. Nd5 e6 19. Nxf6+ Nxf6 20. Rfc1 cxd4 21.
cxd4 Ne4 22. Kf1 Kf8 23. Ke2 Ke7 24. Nd2 Nxd2 25. Kxd2 d5 26. b3 Kd7 27. f3 f6
28. Rxc8 Rxc8 29. Rc1 Rxc1 30. Kxc1 a6 31. Kc2 Kc6 32. Kc3 1/2-1/2

[Event "Albena BUL, Team Ch 2011 GrA Men"]
[Site "Albena BUL"]
[Date "2011.06.06"]
[Round "5.4"]
[White "Lazarov, Rosen"]
[Black "Bojchev, Marian"]
[Result "1/2-1/2"]
[WhiteElo "2233"]
[BlackElo "2392"]
[PlyCount "83"]
[EventDate "2011.06.02"]
[EventType "team"]
[EventRounds "7"]
[EventCountry "BUL"]

1. e4 c5 2. Nf3 e6 3. d3 Nc6 4. g3 g6 5. Bg2 Bg7 6. O-O Nge7 7. c3 d5 8. Nbd2
O-O 9. Re1 Qc7 10. Qe2 f6 11. exd5 Nxd5 12. d4 cxd4 13. Nxd4 Nxd4 14. cxd4 Bd7
15. Nb3 b6 16. Bd2 Qb7 17. Rac1 Rfe8 18. h4 Rac8 19. h5 Rxc1 20. Bxc1 Kf7 21.
Nd2 Bc6 22. Ne4 Qd7 23. Bd2 Ne7 24. h6 Bxe4 25. Qxe4 Bf8 26. g4 Qd5 27. Qe3 Qd6
28. Qb3 Nd5 29. g5 f5 30. Bxd5 exd5 31. Rxe8 Kxe8 32. Qa4+ Qd7 33. Qxd7+ Kxd7
34. Kf1 f4 35. Bxf4 Ke6 36. Be5 Kf5 37. f4 b5 38. Ke2 Ke4 39. Kd1 a5 40. Kc2
Bb4 41. Kd1 a4 42. Ke2 1/2-1/2

[Event "Albena BUL, Team Ch 2011 GrA Men"]
[Site "Albena BUL"]
[Date "2011.06.07"]
[Round "6.1"]
[White "Popov, Ilian"]
[Black "Mladenov, Plamen"]
[Result "0-1"]
[WhiteElo "2215"]
[BlackElo "2376"]
[PlyCount "100"]
[EventDate "2011.06.02"]
[EventType "team"]
[EventRounds "7"]
[EventCountry "BUL"]

1. c4 e6 2. Nf3 c5 3. g3 d5 4. Bg2 Nc6 5. O-O Nf6 6. b3 Be7 7. Bb2 O-O 8. d3
Re8 9. Nbd2 d4 10. Ng5 Nd7 11. Nh3 e5 12. e4 dxe3 13. fxe3 Nf6 14. Nf2 Bf8 15.
Qe2 a5 16. Nde4 Nxe4 17. Nxe4 a4 18. Qh5 g6 19. Qf3 f5 20. Nf2 Bg7 21. Qd5+ Be6
22. Qxd8 Rexd8 23. Bxc6 bxc6 24. bxa4 Rxa4 25. Rfe1 g5 26. g4 fxg4 27. Ne4 Rb8
28. Nxc5 Ra5 29. Nxe6 Rxb2 30. a4 Bf6 31. Rf1 Be7 32. Rf5 h6 33. d4 Re2 34. Rb1
Rxa4 35. Rb8+ Kh7 36. Rb7 Kg6 37. Rf2 Rxf2 38. Kxf2 Kf6 39. Ng7 exd4 40. Ne8+
Kf7 41. Nd6+ Ke6 42. Nc8 dxe3+ 43. Kxe3 Bc5+ 44. Kd3 Ra3+ 45. Kc2 Ra8 46. Rc7
Bg1 47. Re7+ Kf6 48. Rc7 Ra6 49. Rh7 Kg6 50. Rc7 Bxh2 0-1

[Event "Albena BUL, Team Ch 2011 GrA Men"]
[Site "Albena BUL"]
[Date "2011.06.07"]
[Round "6.1"]
[White "Lalev, Dimitar"]
[Black "Georgiev, Krum"]
[Result "1/2-1/2"]
[WhiteElo "2365"]
[BlackElo "2423"]
[PlyCount "63"]
[EventDate "2011.06.02"]
[EventType "team"]
[EventRounds "7"]
[EventCountry "BUL"]

1. e4 c5 2. Nf3 d6 3. g3 Nc6 4. Bg2 g6 5. O-O Bg7 6. c3 e5 7. a3 Nge7 8. b4 O-O
9. d3 a6 10. Nbd2 h6 11. Rb1 cxb4 12. cxb4 d5 13. a4 Be6 14. Re1 d4 15. b5 axb5
16. axb5 Nb8 17. Nc4 Nd7 18. Bd2 Nc8 19. Bb4 Re8 20. Nfd2 Bf8 21. Bxf8 Rxf8 22.
Ra1 Rxa1 23. Qxa1 Ncb6 24. Rc1 Nxc4 25. Nxc4 Nc5 26. Qa3 Bxc4 27. Rxc4 b6 28.
Bf1 Qd6 29. Ra4 f6 30. Ra7 Rf7 31. Ra8+ Rf8 32. Ra7 1/2-1/2

[Event "Albena BUL, Team Ch 2011 GrA Men"]
[Site "Albena BUL"]
[Date "2011.06.07"]
[Round "6.1"]
[White "Lazarov, Rosen"]
[Black "Jovchev, Aleksi"]
[Result "1-0"]
[WhiteElo "2233"]
[BlackElo "2282"]
[PlyCount "65"]
[EventDate "2011.06.02"]
[EventType "team"]
[EventRounds "7"]
[EventCountry "BUL"]

1. e4 e5 2. Nf3 Nc6 3. d4 exd4 4. Bc4 Nf6 5. e5 d5 6. Bb5 Ne4 7. Nxd4 Bd7 8.
Bxc6 bxc6 9. O-O Bc5 10. f3 Ng5 11. Be3 Bb6 12. a4 a5 13. f4 Ne4 14. Nd2 Nxd2
15. Qxd2 c5 16. Nf3 d4 17. Bf2 Bc6 18. c4 Bxf3 19. gxf3 Qd7 20. Qd3 O-O-O 21.
Qe4 c6 22. f5 Rde8 23. Rae1 Kb7 24. Bg3 g6 25. e6 Qe7 26. Bh4 g5 27. Bg3 fxe6
28. fxe6 Rhg8 29. f4 gxf4 30. Rxf4 Rg7 31. Rf7 Bc7 32. Rxe7 Rexe7 33. Kf2 1-0

[Event "Albena BUL, Team Ch 2011 GrA Men"]
[Site "Albena BUL"]
[Date "2011.06.07"]
[Round "6.1"]
[White "Filev, Georgi"]
[Black "Shukin, Emil"]
[Result "1-0"]
[WhiteElo "2361"]
[BlackElo "2236"]
[PlyCount "95"]
[EventDate "2011.06.02"]
[EventType "team"]
[EventRounds "7"]
[EventCountry "BUL"]

1. e4 c5 2. Nf3 e6 3. d4 cxd4 4. Nxd4 a6 5. Be2 Nf6 6. Nc3 Qc7 7. O-O Bb4 8.
Qd3 Nc6 9. Nxc6 bxc6 10. f4 d5 11. e5 Bxc3 12. Qxc3 Ne4 13. Qa3 c5 14. Bf3 Bb7
15. Bxe4 dxe4 16. Be3 O-O 17. Qxc5 Qxc5 18. Bxc5 Rfc8 19. b4 a5 20. a3 Bd5 21.
Kf2 e3+ 22. Kxe3 Bxg2 23. Rfc1 Bd5 24. c4 Bxc4 25. Rxc4 axb4 26. Kd4 Rd8+ 27.
Bd6 bxa3 28. Ke3 a2 29. Rc2 f6 30. Raxa2 Rxa2 31. Rxa2 g5 32. Rg2 Kf7 33. fxg5
fxe5 34. Bxe5 Rd5 35. Kf4 Kg6 36. Re2 Ra5 37. Kg4 Ra4+ 38. Bf4 Kf7 39. h4 Rb4
40. h5 Ra4 41. Re3 Rc4 42. Kg3 Ra4 43. Re5 Ra3+ 44. Kg4 Ra4 45. Rc5 Kg8 46.
Rc8+ Kf7 47. Rc7+ Kg8 48. Kf3 1-0

[Event "Albena BUL, Team Ch 2011 GrA Men"]
[Site "Albena BUL"]
[Date "2011.06.07"]
[Round "6.2"]
[White "Berbatov, Kiprian"]
[Black "Vasilev, Milen"]
[Result "0-1"]
[WhiteElo "2490"]
[BlackElo "2474"]
[PlyCount "70"]
[EventDate "2011.06.02"]
[EventType "team"]
[EventRounds "7"]
[EventCountry "BUL"]

1. e4 e5 2. Nf3 Nc6 3. Nc3 Nf6 4. Bb5 Bd6 5. d3 O-O 6. g4 a6 7. Bc4 b5 8. Bb3
Na5 9. g5 Nxb3 10. axb3 Ne8 11. Be3 Bb7 12. Qe2 Bc6 13. h4 Qe7 14. h5 Bb4 15.
Bd2 a5 16. Nh4 f5 17. gxf6 Qxf6 18. Nf5 Nd6 19. Ne3 Bc5 20. Rh2 Qf7 21. Rg2 b4
22. Ncd5 Bxd5 23. Nxd5 Nb5 24. Be3 Bxe3 25. fxe3 Qe6 26. Kd2 c6 27. Nb6 Rab8
28. Na4 d6 29. Rag1 Rf7 30. Qe1 Qh6 31. Qh4 Nd4 32. Qg4 Nf3+ 33. Ke2 Nxg1+ 34.
Rxg1 Qf6 35. Qg2 Rbf8 0-1

[Event "Albena BUL, Team Ch 2011 GrA Men"]
[Site "Albena BUL"]
[Date "2011.06.07"]
[Round "6.2"]
[White "Bojchev, Marian"]
[Black "Genov, Petar"]
[Result "1/2-1/2"]
[WhiteElo "2392"]
[BlackElo "2444"]
[PlyCount "78"]
[EventDate "2011.06.02"]
[EventType "team"]
[EventRounds "7"]
[EventCountry "BUL"]

1. d4 d5 2. c4 c6 3. cxd5 cxd5 4. Nc3 Nf6 5. Nf3 Nc6 6. Bf4 a6 7. Ne5 Bd7 8. e3
e6 9. Bd3 Nxe5 10. dxe5 Ne4 11. Nxe4 dxe4 12. Bxe4 Qa5+ 13. Kf1 Be7 14. g4 Rc8
15. Qb3 Bc6 16. Bxc6+ Rxc6 17. Kg2 Rb6 18. Qc2 Rc6 19. Qe4 O-O 20. Rhc1 Rfc8
21. Rxc6 Rxc6 22. Rd1 Rc7 23. a3 Qb5 24. Qd4 h6 25. Qd2 Qc4 26. Qd3 Qa4 27. Kf3
Qc6+ 28. e4 Qb6 29. Rc1 Rxc1 30. Bxc1 Bc5 31. Qc2 Bd4 32. Qc8+ Kh7 33. Qd7 Qb3+
34. Kg2 Qc4 35. b3 Qxc1 36. Qxd4 Qxa3 37. Qd7 Qb4 38. f3 Qxb3 39. Qxf7 Qb2+
1/2-1/2